000 00630nam a2200205 a 4500
001 000022103
005 20240514104852.0
008 100916s1996 ve r 000 0 spa d
020 _a9803540238
040 _aDO-SdBNP
_bspa
_cBNPHU
082 _a362.5
_bA864p
100 1 _aAtencio Bello, Heraclio E.
_d1944-
_945795
245 1 0 _aPobreza :
_bReto del siglo XXI /
_cHeraclio E. Atencio Bello.
260 _aCaracas :
_bItalgráfica,
_c1996.
300 _a373 p. ;
_c23 cm.
500 _aIncluye referencia biográfica del autor en la solapa.
650 0 _aPobreza
_91525
650 4 _aPobreza
_zVenezuela
_945796
049 _aBNGR
999 _c21601
_d21601